[Event "AUTO-ELITE-2453"]
[Site "http://www.queenalice.com/game.php?id=1813885"]
[Date "2023.6.13"]
[Round "2"]
[White "mikex"]
[Black "Sexxy_Bunny"]
[Result "1/2-1/2"]
[WhiteElo "2422"]
[BlackElo "2744"]

1. e4 c5 2. Nf3 d6 3. d4 cxd4 4. Nxd4 Nf6 5. Nc3 a6 6. f3 e5 7. Nb3 Be6 8. Be3
h5 9. Nd5 Bxd5 10. exd5 Nbd7 11. Qd2 g6 12. O-O-O Nb6 13. Kb1 Nbxd5 14. Bg5 Be7
15. Bd3 Qc7 16. Rhe1 Nb6 17. Qf2 Rc8 18. c3 O-O 19. h4 d5 20. g4 Na4 21. Qd2
Rfe8 22. Bc2 hxg4 23. fxg4 Ne4 24. Bxe4 dxe4 25. Qg2 b5 26. Rxe4 Nb6 27. Qf2 Qc6
28. Rxe5 Bxg5 29. Rxg5 Qe4+ 30. Ka1 Nc4 31. Rf1 Ne3 32. Qxf7+ Kh8 33. Qf6+ Kh7
34. Qf7+ Kh8 35. Qf6+ 1/2-1/2

[Event "AUTO-ELITE-2453"]
[Site "http://www.queenalice.com/game.php?id=1813886"]
[Date "2023.6.13"]
[Round "2"]
[White "Sexxy_Bunny"]
[Black "mikex"]
[Result "1/2-1/2"]
[WhiteElo "2745"]
[BlackElo "2439"]

1. e4 c5 2. Nf3 d6 3. d4 cxd4 4. Nxd4 Nf6 5. Nc3 a6 6. Be3 e5 7. Nb3 Be6 8. f3
h5 9. Qd2 Nbd7 10. O-O-O Rc8 11. Kb1 Be7 12. Nd5 Bxd5 13. exd5 Nb6 14. Qa5 Qc7
15. c3 Bd8 16. Bxb6 Qxb6 17. Qa4+ Kf8 18. g3 g6 19. f4 exf4 20. Qxf4 Kg7 21. Bg2
Re8 22. Rhe1 Rxe1 23. Rxe1 Rc7 24. Qd4 Qxd4 25. Nxd4 Ng4 26. h3 Ne5 27. Kc2 Bf6
28. Nf3 Nc4 29. Nd2 Nxd2 30. Kxd2 Be5 31. g4 Kh6 32. Bf3 h4 33. Re4 Kg5 34. a4
Re7 35. Kc2 f5 36. Re3 Kf4 37. Kd3 Bf6 38. Rxe7 Bxe7 39. Ke2 Kg3 40. gxf5 gxf5
41. Bh5 Bg5 42. Bg6 f4 43. Be4 Bf6 44. Bf5 f3+ 45. Kf1 Bg5 46. Be6 Bc1 47. b3 a5
48. c4 Be3 49. Bc8 Bc5 50. Bf5 Kf4 51. Bc8 b6 52. Bg4 Ke4 53. Bd7 Kd3 54. Bg4
Kc3 55. Bxf3 Kxb3 56. Bd1+ Kxc4 57. Be2+ Kxd5 58. Bd3 Ke5 59. Bb5 d5 60. Bc6 d4
61. Ke2 Kf4 62. Kf2 d3+ 63. Ke1 Bb4+ 64. Kd1 Ke3 65. Bb5 d2 66. Bd7 Bc3 67. Bc6
Kd3 1/2-1/2

[Event "AUTO-ELITE-2546"]
[Site "http://www.queenalice.com/game.php?id=1840312"]
[Date "2024.7.16"]
[Round "1"]
[White "mikex"]
[Black "X128"]
[Result "0-1"]
[WhiteElo "2438"]
[BlackElo "2639"]

1. e4 c5 2. Nf3 d6 3. d4 cxd4 4. Nxd4 Nf6 5. Nc3 a6 6. Be3 e5 7. Nb3 Be6 8. f3
h5 9. Qd2 Nbd7 10. Nd5 Bxd5 11. exd5 g6 12. O-O-O Nb6 13. Kb1 Nbxd5 14. Bg5 Be7
15. Bd3 Qc7 16. Rhe1 Nb6 17. f4 O-O-O 18. c4 Kb8 0-1

[Event "AUTO-ELITE-2546"]
[Site "http://www.queenalice.com/game.php?id=1840313"]
[Date "2024.7.16"]
[Round "1"]
[White "X128"]
[Black "mikex"]
[Result "1-0"]
[WhiteElo "2643"]
[BlackElo "2434"]

1. e4 c5 2. Nf3 d6 3. d4 cxd4 4. Nxd4 Nf6 5. Nc3 a6 6. Be3 e5 7. Nb3 Be6 8. f3
h5 9. Qd2 Nbd7 10. Nd5 Bxd5 11. exd5 g6 12. O-O-O Nb6 13. Kb1 Nbxd5 14. Bg5 Be7
15. Bd3 Qc7 16. Rhe1 Nb6 17. f4 O-O-O 18. c4 Kb8 19. fxe5 1-0

[Event "AUTO-ELITE-2480"]
[Site "http://www.queenalice.com/game.php?id=1855815"]
[Date "2025.4.19"]
[Round "2"]
[White "Sexxy_Bunny"]
[Black "mikex"]
[Result "1/2-1/2"]
[WhiteElo "2636"]
[BlackElo "2425"]

1. e4 c5 2. Nf3 d6 3. d4 cxd4 4. Nxd4 Nf6 5. Nc3 a6 6. Be3 e5 7. Nb3 Be6 8. f3
h5 9. Qd2 Nbd7 10. Nd5 Bxd5 11. exd5 g6 12. Be2 Bg7 13. O-O b6 14. c4 O-O 15.
Rae1 a5 16. Na1 h4 17. Nc2 Nh5 18. Na3 f5 19. Nb5 f4 20. Bf2 e4 21. fxe4 Ng3 22.
hxg3 hxg3 23. Bg4 Ne5 24. Bh3 gxf2+ 25. Rxf2 Kh7 26. Ref1 Bh6 27. Qe2 a4 28. Nd4
Qh4 29. Qd1 Qg3 30. Rf3 Nxf3+ 31. Rxf3 Qg5 32. Ne6 Qe5 33. Nxf8+ Bxf8 34. Qd2 a3
35. b3 Bh6 36. Be6 Kg7 37. Qb4 Qa1+ 38. Kh2 Bg5 39. Qxb6 Rh8+ 40. Bh3 Rf8 41.
Be6 Rh8+ 42. Bh3 Rf8 43. Qxd6 Qxa2 44. Qc7+ Rf7 45. Qb8 Bh4 46. Be6 Bg3+ 47.
Rxg3 fxg3+ 48. Kh3 Rf8 49. Qc7+ Kh6 50. Bg8 Rxg8 51. Qf4+ Kg7 52. Qe5+ Kh6 53.
Qf4+ Kg7 54. Qe5+ Kh6 55. Qf4+ 1/2-1/2

[Event "Let's Play Chess!"]
[Site "http://www.queenalice.com/game.php?id=1864776"]
[Date "2025.10.28"]
[Round "-"]
[White "mikex"]
[Black "WoodpusherKid"]
[Result "1/2-1/2"]
[WhiteElo "2410"]
[BlackElo "2605"]

1. d4 d5 2. c4 e6 3. Nf3 Nf6 4. g3 Bb4+ 5. Bd2 a5 6. Qc2 dxc4 7. Qxc4 O-O 8. Bg2
Bxd2+ 9. Nbxd2 b6 10. Rc1 Ra7 11. Qc2 Nbd7 12. O-O Ba6 13. Rfe1 h6 14. Ne5 Nxe5
15. dxe5 Nd7 16. f4 Nc5 17. Bf3 Bb7 18. h4 Ba8 19. h5 Qd7 20. Red1 Qe7 21. Kh2
Rd8 22. b3 Rd4 23. Kg2 a4 24. Bxa8 Rxa8 25. Nf3 axb3 26. axb3 Re4 27. Rb1 Qe8
28. b4 Qa4 29. Qd2 Qb5 30. Kf2 Na4 31. Nd4 Qd5 32. Ra1 c5 33. bxc5 bxc5 34. Nb5
Qc6 35. Nd6 Rd4 36. Qc2 Rxd1 37. Rxd1 Nb6 38. Rc1 c4 39. Nxc4 Rc8 40. Ne3
1/2-1/2